El desorden urbano (Registro nro. 5742)

Detalles MARC
000 -LEADER
fixed length control field 00920 a2200217 4500
001 - CONTROL NUMBER
control field 54720
005 - DATE AND TIME OF LATEST TRANSACTION
control field 20260407155822.0
008 - FIXED-LENGTH DATA ELEMENTS--GENERAL INFORMATION
fixed length control field 260407a2007 arg spa d
003 - CONTROL NUMBER IDENTIFIER
control field AR-UNSa-BCEJYS
040 ## - CATALOGING SOURCE
Original cataloging agency AR-UNSa-BCEJYS
Language of cataloging spa
Transcribing agency AR-UNSa-BCEJYS
080 ## - UNIVERSAL DECIMAL CLASSIFICATION NUMBER
Universal Decimal Classification number 711.4
Common auxiliary subdivision Ordenación urbana. Desarrollo urbano. Áreas edificadas. Conurbaciones. Asentamientos
020 ## - INTERNATIONAL STANDARD BOOK NUMBER
International Standard Book Number 978-987-9329-24-5
041 ## - LANGUAGE CODE
Language code of text/sound track or separate title spa
100 1# - MAIN ENTRY--PERSONAL NAME
Personal name Fundación de Investigaciones Económicas Latinoamericanas (FIEL)
245 10 - TITLE STATEMENT
Title El desorden urbano
Name of part/section of a work los problemas locales de la calidad de vida
264 #1 - PRODUCTION, PUBLICATION, DISTRIBUTION, MANUFACTURE, AND COPYRIGHT NOTICE
Place of production, publication, distribution, manufacture Buenos Aires :
Name of producer, publisher, distributor, manufacturer Temas Grupo Editorial
Date of production, publication, distribution, manufacture, or copyright notice 2007
300 ## - PHYSICAL DESCRIPTION
Extent 375 p.
Dimensions 22 cm.
505 ## - FORMATTED CONTENTS NOTE
Formatted contents note 1. Las megaciudades en la Argentina – 2. Los temas: Análisis y propuestas – 3. Gobernabilidad metropolitana: una primera aproximación a los problemas y soluciones para la Argentina.
590 ## - LOCAL NOTE (RLIN)
Local note niveau_biblio:m niveau_hierar:0
942 ## - ADDED ENTRY ELEMENTS (KOHA)
Koha item type
Existencias
Withdrawn status Lost status Damaged status Not for loan Home library Current library Shelving location Date acquired Total checkouts Full call number Barcode Date last seen Price effective from Koha item type
        Biblioteca Prof. Eusebio Cleto del Rey Biblioteca Prof. Eusebio Cleto del Rey   07/04/2026   711.4 F981 L116473 07/04/2026 07/04/2026 Libro